000 00886cab a2200205 4500
001 ##L132636
008 060227n2006 000 0 eng u
035 _a(Sirsi) u132636
041 0 _aeng
100 1 _aGreig-Smith, Heather
245 0 0 _aProperty Week supplement
_boffices and corporate real estate
260 _c2006
490 0 _aProperty Week
_v71(7) 17 February 2006, 3-30(14)
520 _aLooks the shift in a power balance between landlord and corporate occupiers in favour of the latter; the potential side effects of mergers and acquisitions; the career profile of the property director of Cadbury Schweppes; corporate governance rules; the office market; and professionals working in exotic locations.
590 _aIKA280206
690 _aPROPERTY-COMMERCIAL PROPERTY-COMMERCIAL PROPERTY MARKET
700 1 _aDover, Molly
700 1 _aUnger, Paul
942 _n0
999 _c76540
_d76540